Debut Novels #1 - Statistics

General Stats
  • This quiz has been taken 31 times
  • The average score is 8 of 10
Answer Stats
Writer Debut Novel % Correct
Lewis Carroll (1865) Alice's Adventures in Wonderland
90%
J. R. R. Tolkien (1937) The Hobbit
90%
Jane Austen (1811) Sense and Sensibility
86%
Joseph Heller (1961) Catch-22
83%
J.K Rowling (1997) Harry Potter and the Philosopher's Stone
83%
Douglas Adams (1979) The Hitchhiker's Guide to the Galaxy
83%
Sir Arthur Conan Doyle (1887) A Study In Scarlet
66%
Richard Adams (1972) Watership Down
66%
Zadie Smith (2000) White Teeth
66%
James Joyce (1916) A Portrait of the Artist as a Young Man
41%
No matching quizzes found
Score Distribution
Percent of People with Each Score
Percentile by Number Answered
Your Score History
You have not taken this quiz